Tensa situación social y auge sindical en Honduras
Guardado en:
| Formato: | Texto |
|---|---|
| Materias: | |
| Etiquetas: |
Agregar Etiqueta
Sin Etiquetas, Sea el primero en etiquetar este registro!
|
MARC
| LEADER | 00000 a a2200000 04500 | ||
|---|---|---|---|
| 001 | 17895 | ||
| 003 | |||
| 040 | |||
| 245 | |a Tensa situación social y auge sindical en Honduras | ||
| 650 | |a SOCIEDAD | ||
| 650 | |a SINDICATOS | ||
| 650 | |a HUELGAS | ||
| 650 | |a MILITARISMO | ||
| 650 | |a HONDURAS | ||
| 773 | |g volumen 3, número 47; páginas 443 | ||
| 999 | |c 25467 |d 25467 | ||
| 773 | 0 | |0 42391 |9 3764 |a Agencia Latinoamericana de Información, ALAI |d Quito, Ecuador: ALAI |o 03843 |t ALAI: |x 08275564 (Servicio mensual de información y documentación) | |
